00391pab a2200133 454500008004000000100001900040245009200059260000900151300001400160362001200174650002700186650001800213773002600231180718b2007 xxu||||| |||| 00| 0 eng d aDahiwale, S.M. aAboriginal businesses and entrepreneurship in Canada: towards economic self-sufficiency c2007 ap.263-87. aMay-Aug aEntrepreneurs - Canada aEntrepreneurs aSociological Bulletin